<?xml version="1.0" encoding="UTF-8"?>
<record
    xmlns:xsi="http://www.w3.org/2001/XMLSchema-instance"
    xsi:schemaLocation="http://www.loc.gov/MARC21/slim http://www.loc.gov/standards/marcxml/schema/MARC21slim.xsd"
    xmlns="http://www.loc.gov/MARC21/slim">

  <leader>00890nam a22001577a 4500</leader>
  <controlfield tag="003">OSt</controlfield>
  <controlfield tag="005">20151008093239.0</controlfield>
  <controlfield tag="008">151008b        xxu||||| |||| 00| 0 eng d</controlfield>
  <datafield tag="040" ind1=" " ind2=" ">
    <subfield code="c">RUA</subfield>
  </datafield>
  <datafield tag="082" ind1=" " ind2=" ">
    <subfield code="a">AVM LEA 2006 B078 Or.1</subfield>
  </datafield>
  <datafield tag="100" ind1=" " ind2=" ">
    <subfield code="9">2338</subfield>
    <subfield code="a">LEAV, PHANITH.</subfield>
  </datafield>
  <datafield tag="245" ind1=" " ind2=" ">
    <subfield code="a">Comparing between vitamin ad3e and b-complex on growth the piglets performance after weaning at sann sary farm ponhea lueu district, kandal province (&#x1794;&#x17D2;&#x179A;&#x17C0;&#x1794;&#x1792;&#x17C0;&#x1794;&#x1780;&#x17B6;&#x179A;&#x1794;&#x1793;&#x17D2;&#x1790;&#x17C2;&#x1798;&#x179C;&#x17B8;&#x178F;&#x17B6;&#x1798;&#x17B8;&#x1793;&#x17A2;&#x17B6;&#x178A;&#x17C1;&#x17A2;&#x17BA;&#x200B;&#x1793;&#x17B7;&#x1784;&#x1794;&#x17C1;&#x1780;&#x17BB;&#x17C6;&#x1795;&#x17D2;&#x179B;&#x17B7;&#x1785;&#x200B;&#x179B;&#x17BE;&#x1780;&#x17B6;&#x179A;&#x179B;&#x17BC;&#x178F;&#x179B;&#x17B6;&#x179F;&#x17CB;&#x179A;&#x1794;&#x179F;&#x17CB;&#x1780;&#x17BC;&#x1793;&#x1787;&#x17D2;&#x179A;&#x17BC;&#x1780;&#x1780;&#x17D2;&#x179A;&#x17C4;&#x1799;&#x1796;&#x17C1;&#x179B;&#x1795;&#x17D2;&#x178A;&#x17B6;&#x1785;&#x17CB;&#x178A;&#x17C4;&#x17C7;&#x1793;&#x17C5;&#x1780;&#x179F;&#x17B7;&#x178A;&#x17D2;&#x178B;&#x17B6;&#x1793;&#x179F;&#x17B6;&#x1793;&#x17CB;&#x179F;&#x17B6;&#x179A;&#x17B8;&#x179F;&#x17D2;&#x179A;&#x17BB;&#x1780;&#x1796;&#x1789;&#x17B6;&#x17AD;&#x1781;&#x17C1;&#x178F;&#x17D2;&#x178F;&#x1780;&#x178E;&#x17D2;&#x178A;&#x17B6;&#x179B;)</subfield>
  </datafield>
  <datafield tag="260" ind1=" " ind2=" ">
    <subfield code="a">Phnom Penh </subfield>
    <subfield code="b">RUA</subfield>
    <subfield code="c">2006</subfield>
  </datafield>
  <datafield tag="300" ind1=" " ind2=" ">
    <subfield code="a">xii, 39p.</subfield>
    <subfield code="b">ill.</subfield>
    <subfield code="c">29cm.</subfield>
  </datafield>
  <datafield tag="942" ind1=" " ind2=" ">
    <subfield code="2">ddc</subfield>
    <subfield code="c">AVM</subfield>
  </datafield>
  <datafield tag="999" ind1=" " ind2=" ">
    <subfield code="c">2205</subfield>
    <subfield code="d">2205</subfield>
  </datafield>
  <datafield tag="952" ind1=" " ind2=" ">
    <subfield code="0">0</subfield>
    <subfield code="1">0</subfield>
    <subfield code="2">ddc</subfield>
    <subfield code="4">0</subfield>
    <subfield code="6">AVM_LEA_2006_000000000000000_B078_OR_1</subfield>
    <subfield code="7">0</subfield>
    <subfield code="9">9124</subfield>
    <subfield code="a">LBB</subfield>
    <subfield code="b">LBB</subfield>
    <subfield code="c">B078</subfield>
    <subfield code="d">2015-10-08</subfield>
    <subfield code="l">2</subfield>
    <subfield code="o">AVM LEA 2006 B078 Or.1</subfield>
    <subfield code="p">RUA016633</subfield>
    <subfield code="r">2019-02-11</subfield>
    <subfield code="s">2018-12-14</subfield>
    <subfield code="w">2015-10-08</subfield>
    <subfield code="y">AVM</subfield>
  </datafield>
  <datafield tag="952" ind1=" " ind2=" ">
    <subfield code="0">0</subfield>
    <subfield code="1">0</subfield>
    <subfield code="2">ddc</subfield>
    <subfield code="4">0</subfield>
    <subfield code="6">AVM_LEA_2006_000000000000000_B078_OR_2</subfield>
    <subfield code="7">0</subfield>
    <subfield code="9">9125</subfield>
    <subfield code="a">LBB</subfield>
    <subfield code="b">LBB</subfield>
    <subfield code="c">B078</subfield>
    <subfield code="d">2015-10-08</subfield>
    <subfield code="l">3</subfield>
    <subfield code="m">2</subfield>
    <subfield code="o">AVM LEA 2006 B078 Or.2</subfield>
    <subfield code="p">RUA016787</subfield>
    <subfield code="r">2020-08-07</subfield>
    <subfield code="s">2020-06-16</subfield>
    <subfield code="w">2015-10-08</subfield>
    <subfield code="y">AVM</subfield>
  </datafield>
</record>
